Statistieken voor De grote rivieren quiz

Klik hier om de quiz te nemen!

Algemene statistieken

  • Deze quiz is 93 keer genomen
  • De gemiddelde score is 10 van 20

Antwoordstatistieken

VraagAntwoord% Correct
Wat is de langste rivier ter wereld?Nijl
96%
Noem 1 rivier in nederland.Rijn|waal|maas|lek|eems
96%
Welke rivier stroomt door de amazone?Amazone
87%
Welke rivier stroomt door Maastricht?Maas
87%
Wat is de langste rivier van Nederland?Rijn
84%
Welke rivier stroomt door Parijs?Seine
76%
Welke rivier stroomt door Londen?Theems
73%
Door welk land stroomt de Mississippi?Verenigde Staten
70%
In welk land ontspringt de Rijn?Zwitserland
54%
Wat is de langste rivier van Europa?Wolga
52%
Hoe heet de rivier tussen Spanje en Marokko?Straat van Gibraltar
42%
Welke rivier stroomt door New York?Hudson
39%
Welk land in het midden-oosten heeft geen rivieren?Koeweit
33%
Wat is het laatste land op de route van de Donau?Roemenië
33%
Welke kleur heb je naast de blauwe Nijl?Witte Nijl
28%
Wat is het grootste meer ter wereld?Kaspische zee
19%
Welke rivier is 4.350 km lang?Mekong
12%
Welke rivier stroomt door 80% van de landen in Afrika?Geen
3%
Welke rivier scheidt Singapore van Maleisië?Straat Johore
3%
Wat is de kortste rivier ter wereld?Aril
1%

Scoreverdeling

Percentiel versus Aantal Correcte Antwoorden

Procent van Mensen met Elke Score

Uw Scoregeschiedenis

U heeft deze quiz nog niet genomen